000 00888nam a2200277 i 4500
001 bg
003 BPK
005 20200102131249.0
008 991210s2001 pl a f f |000 0 pol
015 _aPB 1999/19211
020 _a8301129999
040 _aWA N
_cBPK
041 0 _apol
080 _a330
080 _a(075.8+076)
245 0 0 _aPodstawy ekonomii :
_bćwiczenia, zadania, problemy /
_caut. Paweł Alberciak [et al.].
250 _aWyd. 2, popr., dodr.
260 _aWarszawa :
_bWydaw. Naukowe PWN,
_c2001.
300 _a300 s. :
_bwykr. ;
_c24 cm.
655 4 _aĆwiczenia i zadania dla szkół wyższych
650 4 _aEkonomia
710 2 _aWydawnictwo Naukowe PWN
_4pbl.
700 1 _aAlberciak, Paweł
_eAutor
856 _uhttp://koha.tu.koszalin.pl/cgi-bin/koha/opac-detail.pl?biblionumber=53637
_yKatalog online BPK
942 _2UKD
_cKS
999 _c53637
_d53637